Memoria /

Spremljeno u:
Bibliografski detalji
Glavni autor: Vannini, Margarita
Autor kompanije: Universidad Centroamericana. Instituto de Historia de Nicaragua y Centroamérica
Daljnji autori: ed. Kinloch Tijerino, Frances ed
Format: Tekst
Izdano: UCA. IHNCA
Teme:
Oznake: Dodaj oznaku
Bez oznaka, Budi prvi tko označuje ovaj zapis!

MARC

LEADER 00000 a a2200000 04500
001 29142
003
040
090 |a 190702  
100 |a Vannini, Margarita  
110 |a Universidad Centroamericana. Instituto de Historia de Nicaragua y Centroamérica  
245 |a Memoria /  |c Margarita Vannini 
260 |a UCA. IHNCA  
300 |a 282 p   |b il.  
650 |a NACION  
650 |a IDENTIDAD CULTURAL  
650 |a FACTORES CULTURALES  
650 |a URBANIZACION  
650 |a AMBIENTE RURAL  
650 |a CLASES SOCIALES  
650 |a GOBIERNO  
650 |a ESTADO  
650 |a INDICADORES SOCIALES  
650 |a INDICADORES DEMOGRAFICOS  
700 |a ed.   |a Kinloch Tijerino, Frances   |a ed.  
999 |c 12105  |d 12105